<?xml version="1.0" encoding="UTF-8"?>
<collection xmlns="http://www.loc.gov/MARC21/slim">
 <record>
  <leader>01823cam a2200385 a 4500</leader>
  <controlfield tag="001">000043692</controlfield>
  <controlfield tag="003">1735</controlfield>
  <controlfield tag="005">20060421085537.0</controlfield>
  <controlfield tag="008">010217b1988    vm            000   vie</controlfield>
  <datafield tag="040" ind1=" " ind2=" ">
   <subfield code="a">LRC</subfield>
   <subfield code="c">LRC</subfield>
   <subfield code="d">LRC</subfield>
  </datafield>
  <datafield tag="041" ind1="0" ind2=" ">
   <subfield code="a">vie</subfield>
   <subfield code="h">rus</subfield>
  </datafield>
  <datafield tag="082" ind1="1" ind2="4">
   <subfield code="a">516.6</subfield>
   <subfield code="2">21</subfield>
   <subfield code="b">GO-V</subfield>
  </datafield>
  <datafield tag="100" ind1="1" ind2=" ">
   <subfield code="a">Goocđôn, V. O.</subfield>
  </datafield>
  <datafield tag="245" ind1="1" ind2="0">
   <subfield code="a">Giáo trình hình học hoạ hình /</subfield>
   <subfield code="c">V. O. Goocđôn, M. A. Xêmenxôp-Oghiepxki ; Nguyễn Đình Điện, Hoàng Văn Thân dịch.</subfield>
  </datafield>
  <datafield tag="260" ind1=" " ind2=" ">
   <subfield code="a">Hà Nội ; Maxcơva :</subfield>
   <subfield code="b">Đại học và Trung học chuyên nghiệp ; Mir,</subfield>
   <subfield code="c">1988.</subfield>
  </datafield>
  <datafield tag="300" ind1=" " ind2=" ">
   <subfield code="a">355 p. ;</subfield>
   <subfield code="c">21,5 cm.</subfield>
  </datafield>
  <datafield tag="520" ind1="3" ind2=" ">
   <subfield code="a">Cách thành lập các hình chiếu. Điểm và đường thẳng. Mặt phẳng. Vị trí tương đối của hai mặt phẳng, của đường thẳng và mặt phẳng. Các phép thay mặt phẳng hình chiếu và phép quay. Biểu diễn các đa diện. Đường cong. Mặt cong. Giao của mặt cong với mặt phẳng và đường thẳng. Giao của các mặt trong dó ít nhất một mặt là mặt cong. Khai triển các mặt cong. Hình chiếu trục đo.</subfield>
  </datafield>
  <datafield tag="630" ind1="0" ind2="4">
   <subfield code="a">Toán hình.</subfield>
  </datafield>
  <datafield tag="630" ind1="0" ind2="4">
   <subfield code="a">Hình học.</subfield>
  </datafield>
  <datafield tag="650" ind1="0" ind2="4">
   <subfield code="a">Hình học hoạ hình.</subfield>
  </datafield>
  <datafield tag="700" ind1="1" ind2=" ">
   <subfield code="a">Xêmenxôp-Oghiepxki,</subfield>
   <subfield code="c">M. A.</subfield>
  </datafield>
  <datafield tag="700" ind1="1" ind2=" ">
   <subfield code="a">Nguyễn Đình Điện,</subfield>
   <subfield code="e">dịch.</subfield>
  </datafield>
  <datafield tag="700" ind1="1" ind2=" ">
   <subfield code="a">Hoàng Văn Thân,</subfield>
   <subfield code="e">dịch.</subfield>
  </datafield>
  <datafield tag="OWN" ind1=" " ind2=" ">
   <subfield code="a">DUT</subfield>
  </datafield>
  <datafield tag="AVA" ind1=" " ind2=" ">
   <subfield code="a">UDN50</subfield>
   <subfield code="b">DUT</subfield>
   <subfield code="c">Book</subfield>
   <subfield code="d">516.6 GO-V</subfield>
   <subfield code="e">available</subfield>
   <subfield code="t">Error 5001 Not defined in file expand_doc_bib_avail.</subfield>
   <subfield code="f">2</subfield>
   <subfield code="g">0</subfield>
   <subfield code="h">N</subfield>
   <subfield code="i">0</subfield>
   <subfield code="j">SH</subfield>
   <subfield code="k">1</subfield>
  </datafield>
  <datafield tag="999" ind1=" " ind2=" ">
   <subfield code="a">From the UDN01</subfield>
  </datafield>
  <datafield tag="AVA" ind1=" " ind2=" ">
   <subfield code="a">UDN50</subfield>
   <subfield code="b">DUT</subfield>
   <subfield code="c">Book</subfield>
   <subfield code="d">516.6 GO-V</subfield>
   <subfield code="e">available</subfield>
   <subfield code="t">Error 5001 Not defined in file expand_doc_bib_avail.</subfield>
   <subfield code="f">2</subfield>
   <subfield code="g">0</subfield>
   <subfield code="h">N</subfield>
   <subfield code="i">0</subfield>
   <subfield code="j">SH</subfield>
   <subfield code="k">1</subfield>
  </datafield>
  <datafield tag="TYP" ind1=" " ind2=" ">
   <subfield code="a">Monograph</subfield>
  </datafield>
  <datafield tag="TYP" ind1=" " ind2=" ">
   <subfield code="a">Printed language</subfield>
  </datafield>
  <datafield tag="980" ind1=" " ind2=" ">
   <subfield code="a">Mạng thư viện Đại học Đà Nẵng</subfield>
  </datafield>
 </record>
</collection>
